|
|
|
|
| LEADER |
01687nam a2200505 i 4500 |
| 001 |
nkc20203218247 |
| 003 |
CZ PrNK |
| 005 |
20200611075322.0 |
| 007 |
ta |
| 008 |
200513t20202020xr a g f 000 0 cze |
| 015 |
|
|
|a cnb003218247
|
| 020 |
|
|
|a 978-80-271-2913-3
|q (vázáno) :
|c Kč 299,00
|
| 035 |
|
|
|a (OCoLC)1200248719
|
| 040 |
|
|
|a BOA001
|b cze
|d ABA001
|e rda
|
| 072 |
|
7 |
|a 74
|x Kresba. Umělecká řemesla
|2 Konspekt
|9 21
|
| 080 |
|
|
|a 745
|2 MRF
|
| 080 |
|
|
|a 688
|2 MRF
|
| 080 |
|
|
|a 688.78/.79
|2 MRF
|
| 080 |
|
|
|a (035)
|2 MRF
|
| 080 |
|
|
|a (084.11)
|2 MRF
|
| 100 |
1 |
|
|a Diblíček, Jan
|7 xx0248149
|4 aut
|4 pht
|
| 245 |
1 |
0 |
|a Veselé celoroční tvoření /
|c Jan Diblíček
|
| 246 |
1 |
4 |
|a Veselé celoroční tvoření pro každého
|
| 264 |
|
1 |
|a Praha :
|b Grada Publishing,
|c [2020]
|
| 264 |
|
4 |
|c ©2020
|
| 300 |
|
|
|a 127 stran :
|b barevné ilustrace ;
|c 25 cm
|
| 336 |
|
|
|a text
|b txt
|2 rdacontent
|
| 336 |
|
|
|a statický obraz
|b sti
|2 rdacontent
|
| 337 |
|
|
|a bez média
|b n
|2 rdamedia
|
| 338 |
|
|
|a svazek
|b nc
|2 rdacarrier
|
| 650 |
0 |
7 |
|a výtvarné práce
|7 ph127466
|2 czenas
|
| 650 |
0 |
7 |
|a dárkové předměty
|7 ph135448
|2 czenas
|
| 650 |
0 |
7 |
|a dekorační předměty
|7 ph114300
|2 czenas
|
| 650 |
0 |
9 |
|a handicraft
|2 eczenas
|
| 650 |
0 |
9 |
|a gifts
|2 eczenas
|
| 650 |
0 |
9 |
|a decorative objects
|2 eczenas
|
| 655 |
|
7 |
|a příručky
|7 fd133209
|2 czenas
|
| 655 |
|
7 |
|a obrazové publikace
|7 fd132947
|2 czenas
|
| 655 |
|
9 |
|a handbooks and manuals
|2 eczenas
|
| 655 |
|
9 |
|a pictorial works
|2 eczenas
|
| 910 |
2 |
|
|a BOA001
|b 2-1444.982
|
| 990 |
|
|
|a BK
|
| 995 |
|
|
|a 01
|
| 991 |
|
|
|b 202006
|c NOV
|
| 996 |
6 |
|
|b 2610823513
|c 2-1444.982
|l MZK
|r Sklad / do 1 hodiny
|n 0
|p p.v.
|w 001802006
|u 000010
|a 1
|e BOA001
|j MZK50
|s P
|